000 00688nam a2200265Ia 4500
005 20260121170101.0
008 008 260114s9999 xx 000 0 eng d
020 _a9789463002325
037 _aEBOOK
040 _aCRL
040 _beng
040 _cCRL
041 _2eng
041 _aeng
084 _qCRL
100 _aJohn Chi-kin Lee, Zeyuan Yu, Xianhan Huang, Edmond Hau-Fai Law
_91059607
245 0 _aEducational Development in Western China
260 _bSpringer
260 _bSpringer
260 _c2016
856 _uhttps://link.springer.com/openurl?genre=book&isbn=978-94-6300-232-5
942 _cEBOOK
999 _c1625336
_d1625336